2 joueurs : leur club commun - Niveau 2/5 (Football) - Statistiques

Statistiques générales
  • Ce quiz a été pris 76 fois
  • Le résultat moyen est 7 sur 10
Statistiques - réponses
Par images Réponse % Correct
Real Sociedad
93%
Stade Rennais
86%
West Ham United
79%
VfB Stuttgart
76%
Eintracht Francfort
71%
AC Milan
64%
Chelsea FC
59%
OGC Nice
57%
Galatasaray SK
51%
KAA La Gantoise
49%
Aucun quiz correspondant
Distribution des résultats
% des personnes avec chaque résultat
Percentile par nombre de réponses
Votre historique - résultats
Vous n’avez pas pris ce quiz